| 000 | 01128cab a2200217 4500 | ||
|---|---|---|---|
| 001 | X87495 | ||
| 008 | 090401t1997 xxu||||| |||| 00| 0 eng d | ||
| 035 | _a(Sirsi) u81893 | ||
| 041 | _aeng | ||
| 245 | _aR v Somerset CC and ARC Southern Ltd ex p. Richard Dixon | ||
| 260 | _c1997 | ||
| 350 | _a0 | ||
| 490 |
_aJournal of Planning and Environment Law _v[1997] JPL 1030-1041(12) |
||
| 520 | _aQBD 18 April 1997. Mineral operation - application to extend existing quarry - refusal of permission by SoS following call in - further application for planning permission to extend - resolution to grant planning permission subject to prior completion of planning obligations - application for leave to apply for judicial review - alleged failure to consider earlier decision letter and Circular 16/91 - allegations of delay and lack of `sufficient interest` - review of judicial consideration of `sufficient interest - application dismissed. (Headnote from journal). | ||
| 650 | _aMINING | ||
| 650 | _aPLANNING PERMISSION | ||
| 650 | _aQUARRY | ||
| 690 | _aMINING AND MINERALS-CASE LAW | ||
| 942 | _n0 | ||
| 948 | _c04/11/1997 | ||
| 999 |
_c51636 _d51636 |
||